000 00717nam a2200241 i 4500
001 C2-0219998
003 PPAK
005 20180728150351.0
008 990913s1996 my a|||| ||||| | eng d
020 _a9679785858
040 _aPPAK
_beng
_cPPAK
_erda
082 0 4 _a658.453
_223
090 0 0 _a658.453
_bBAR
_dG
100 1 _aBarker, Alan,
_eauthor
245 1 0 _aLetters at work
_bHelps you create letters that are posive, accuate and professional
264 1 _aPetaling Jaya, Selangor :
_bPelanduk ,
_c1996
300 _a112 pages :
_billustrations ;
_c22 cm
336 _2rdacontent
_atext
337 _2rdamedia
_aunmediated
338 _2rdacarrier
_avolume
650 1 0 _aLetter writing
942 _ddc
_cB
999 _c142342
_d142342